<?xml version="1.0" encoding="UTF-8"?><?xml-stylesheet type="text/xsl" href="static/style.xsl"?><OAI-PMH xmlns="http://www.openarchives.org/OAI/2.0/" xmlns:xsi="http://www.w3.org/2001/XMLSchema-instance" xsi:schemaLocation="http://www.openarchives.org/OAI/2.0/ http://www.openarchives.org/OAI/2.0/OAI-PMH.xsd"><responseDate>2026-04-27T18:14:16Z</responseDate><request verb="GetRecord" identifier="oai:riubu.ubu.es:10259/5220" metadataPrefix="marc">https://riubu.ubu.es/oai/request</request><GetRecord><record><header><identifier>oai:riubu.ubu.es:10259/5220</identifier><datestamp>2021-11-02T12:43:15Z</datestamp><setSpec>com_10259_5088</setSpec><setSpec>com_10259_2728</setSpec><setSpec>col_10259_2757</setSpec></header><metadata><record xmlns="http://www.loc.gov/MARC21/slim" xmlns:doc="http://www.lyncode.com/xoai" xmlns:xsi="http://www.w3.org/2001/XMLSchema-instance" xmlns:dcterms="http://purl.org/dc/terms/" xsi:schemaLocation="http://www.loc.gov/MARC21/slim http://www.loc.gov/standards/marcxml/schema/MARC21slim.xsd">
<leader>00925njm 22002777a 4500</leader>
<datafield tag="042" ind1=" " ind2=" ">
<subfield code="a">dc</subfield>
</datafield>
<datafield tag="720" ind1=" " ind2=" ">
<subfield code="a">Martín Mediavilla, Elvira</subfield>
<subfield code="e">author</subfield>
</datafield>
<datafield tag="260" ind1=" " ind2=" ">
<subfield code="c">2019</subfield>
</datafield>
<datafield tag="520" ind1=" " ind2=" ">
<subfield code="a">En el presente trabajo se aborda el análisis de la atención a la diversidad en la etapa de Formación Profesional, acercándonos a la formación del profesorado desde sus actitudes y sus prácticas docentes. El estudio se realiza con un cuestionario estructurado construido ad-hoc, basado en otra herramienta, al no encontrar una específica para esta población. El resultado es un cuestionario con 56 ítems, respondido por 69 docentes de Formación Profesional, con una fiabilidad (Alfa de Cronbach) de 0,91. Debemos destacar que encontramos muy pocas investigaciones sobre el tema. Entre las conclusiones afirmamos que la formación en atención a la diversidad entre el profesorado de FP es escasa y que no se realiza formación permanente sobre el tema. También observamos que la deseabilidad social está presente en las respuestas relacionadas con la atención a la diversidad.</subfield>
</datafield>
<datafield tag="520" ind1=" " ind2=" ">
<subfield code="a">The present paper deals with the analysis of attention to diversity in the Vocational Training stage, approaching the training of teachers from their attitudes and teaching practices. The study is carried out with a structured questionnaire constructed ad-hoc, based on another tool, since no specific one was found for this population. The result is a questionnaire with 56 items, answered by 69 Vocational Training teachers, with a reliability (Alfa de Cronbach) of 0.91. It should be noted that we found very little research on the subject. Among the conclusions, we affirm that training in attention to diversity among Vocational Training teachers is scarce and that there is no permanent training on the subject. We also observe that social desirability is present in the responses related to attention to diversity.</subfield>
</datafield>
<datafield tag="024" ind2=" " ind1="8">
<subfield code="a">http://hdl.handle.net/10259/5220</subfield>
</datafield>
<datafield ind1=" " ind2=" " tag="653">
<subfield code="a">Formación Profesional</subfield>
</datafield>
<datafield ind1=" " ind2=" " tag="653">
<subfield code="a">Formación del profesorado</subfield>
</datafield>
<datafield ind1=" " ind2=" " tag="653">
<subfield code="a">Atención a la diversidad</subfield>
</datafield>
<datafield ind1=" " ind2=" " tag="653">
<subfield code="a">Professional Training/Vocational Training</subfield>
</datafield>
<datafield ind1=" " ind2=" " tag="653">
<subfield code="a">Teacher training</subfield>
</datafield>
<datafield ind1=" " ind2=" " tag="653">
<subfield code="a">Attention to diversity</subfield>
</datafield>
<datafield tag="245" ind1="0" ind2="0">
<subfield code="a">Autopercepción del profesorado de formación profesional en atención a la diversidad</subfield>
</datafield>
</record></metadata></record></GetRecord></OAI-PMH>